000 00198nam a2200097 4500
082 _a004GAG
100 _aGaggi
245 _aComputer For Everyone
260 _aNew Delhi:
_bMcGraw-Hill,
942 _cBK
999 _c10373
_d10373